| 000 | 01998nam2a2200313 4500 | ||
|---|---|---|---|
| 001 | RU\NLR\bibl\1783047 | ||
| 005 | 20260408070913.0 | ||
| 010 |
_a978-5-361-00132-3 _9100 |
||
| 021 |
_aRU _b2011-39430 _92809 |
||
| 035 | _a(NLR Aleph) 001773787 | ||
| 090 |
_a1654405 _c1654405 |
||
| 100 | _a20110624d2010 |||y0rusy50 ca | ||
| 101 | 0 | _arus | |
| 102 | _aRU | ||
| 105 | _aa ||||||||| | ||
| 200 | 1 |
_aАктуальные проблемы современности _dActual problem of today _fФедер. агентство по образованию, Белгород. гос. технол. ун-т им. В.Г. Шухова [и др. _gпод общ. науч. ред. д.э.н., проф. Чижовой Е.Н.] _zeng |
|
| 210 |
_aБелгород _aМосква _cБГТУ [и др.] _d2010 |
||
| 215 |
_a304 c. _cил. |
||
| 300 | _aВ надзаг. также: Ин-т перспектив. исслед. (Моск. обл.), Белгород. регион. отд-ние Рос. акад. естеств. наук, Федер. гос. образоват. учреждение высш. проф. образования | ||
| 320 | _aБиблиогр. в конце отд. работ | ||
| 461 | 0 |
_1001RU\NLR\bibl\322057 _12001#$aЭкономика. Общество. Человек$vВып. 14 _973724 _cБелгород _d2002 _fМ-во образования Рос. Федерации, Белгор. гос. технол. акад. строит. материалов, Каф. экон. теории и др. _nБелаудит _o[сб. науч. тр.] _tЭкономика. Общество. Человек _vВып. 14 |
|
| 510 | 0 |
_aActual problem of today _zeng |
|
| 712 | 0 | 2 |
_4570 _aБелгородский государственный технологический университет им. В. Г. Шухова _9596079 _3RU\NLR\AUTH\8810048015 |
| 801 | 0 |
_aRU _bNLR _c20110624 _gRCR |
|
| 801 | 1 |
_aRU _bNLR _c20110624 |
|
| 942 | _cBOOK | ||
| 980 | _aNB | ||